Quizzes
Events
Quiz Creation
Community
Videos
Private Events
Remove Ads
Sign In
Join for FREE
Feedback
Dark Mode
Quiz Categories
Sports
Geography
Music
Movies
Television
Just For Fun
Miscellaneous
History
Literature
Language
Science
Gaming
Entertainment
Religion
Holiday
For Kids
Quiz Lab
Recent
Popular Today
Quiz Kudos Today
Editor Picks
Curator Picks
Quizzes by...
Day
Popularity
Type
Ratings
Length
Year
Community
Subscriptions
Recent Discussions
Orange Saloon
Badges
Playlists
Quests
Create
Leaderboards
Showdown
Live 5
Trivia Bingo
Activity
Puzzle Library
Sporcle Events
Private Events
Virtual Trivia
Globe League
Become a Host
Pub Owners
SporcleCon
Opinionation
Our Games
Videos
Blog
Mobile Apps
Partnerships
Remove Ads and Go Orange
Feedback
Gaming
Video Games
Board Games
Card Games
Pokémon
Mario
Nintendo
Minecraft
Console
Toys
Legend of Zelda
Gaming
Video Games
Board Games
Card Games
Pokémon
Mario
Nintendo
Minecraft
Console
Toys
Legend of Zelda
Random Quiz
Search Sporcle
×
Quiz Lab
Quiz Lab
Gaming
Hometown
Type in answers that appear in a list
Type in answers that appear in a list
Classic
Best Score? Go Orange.
Famous The Sims Families Stats
Can you name the Famous The Sims Families?
By
llamalover
60s
10 Questions
1,367 Plays
1,367 Plays
1,367 Plays
Comments
Comments
Give Quiz Kudos
Give Quiz Kudos
-
- Ratings
hide this ad
Replay
Link that replays current quiz
Next Quiz
Link to next quiz in quiz playlist
You Got
0%
They Got
Avg Score
32%
Avg Friend Score
Upgrade to see
Score Distribution
Jump to the score distribution portion of the page
Score
0/10
Timer
01:00
0
Plays Today
Description
Family
% Correct
Gunther, Cornelia, Hecuba, Menelaus (The Sims Unleashed) Mortimer, Cassandra, Alexander (The Sims 2) Gunther, Cornelia, Mortimer (The Sims 3)
Goth Family
99.3%
Don (The Sims 2 and 3)
Lothario Family
59.5%
Bob, Betty (The Sims) Bob, Betty, Buddy (The Sims 2 Pets Console) Robert, Mags, Bob (The Sims 3)
Newbie Family
53%
Nick, Vita, Holly (The Sims 3)
Alto Family
43.4%
Loki, Circe, Nervous (The Sims 2)
Beaker Family
22.1%
Tutorial Joe, Tutorial Jane
Sim Family
18.5%
Frankie, Sylvia (Livin' Large)
Mashuga Family
8.6%
Ma, Rhoda, Shermin
Bagley Family
7.2%
Denise, Gilbert (The Sims 2 Open for Business)
Jaquet Family
6.4%
Odin, Heather
Crosby Family
4.7%
Quiz Playlist
Details
Report
Send in Message
Add To Playlist
Classic:
Type in answers that appear in a list
Last Updated: Dec 7, 2018
Quiz Scoreboard
CHALLENGE
Sign Up to Join the Scoreboard
Show All
Scores
Hide
Comments
May contain spoilers
Recently Published
9x9 Crossword: Cartoon Network
by jackfrog10
Miscellaneous
3m
College Basketball Coaching Resumes
by pancakes188
Sports
9m
Billboard Blitz: Fleetwood Mac
by CooCooCachoo
Music
15s
More to Explore
Quiz From the Vault
Featured Blog Post
Where Did the Easter Bunny Come From?
hide this ad
You Might Also Like...
Tags
bella
description
don
Hometown
malcolm
Sims 2
Sims 3
Today's Top Quizzes in Gaming
Browse Gaming
hide this ad
Today's Top Quizzes in Hometown
Browse Hometown
Top Contributed Quizzes in Gaming
1
5-to-1: Consoles
2
7-to-1: Board Game Piece Blitz
3
5-to-1: Legend of Zelda
4
League of Legends Pro Players by Career/Team History
5
Destiny 2 exotic weapons by perk icons
6
Ultimate Genshin Impact Logic Puzzle (up to 4.3)
7
Franchise by Action Figure
8
Who's on the WWE 2K24 Cover?
9
Genshin Impact Logic Puzzle Quiz
10
Overwatch Logic Puzzle
Explore More
Trending Topics
Anime
NBA
Crossword
Harry Potter
Marvel
Disney
Kpop
Pokémon
The Office
Puzzle
Song
NFL
WWE
Soccer
Country
hide this ad
More By:
llamalover
Quiz
Plays
Rating
Category
Featured
Created
Famous The Sims Families
1,367
2.67
Gaming
Feb 26, 2011
Grand Theft Auto 4 Important People
542
4.00
Gaming
Apr 20, 2011
Car Brands
438
4.33
Just For Fun
Feb 26, 2011
Finish the Slogan
157
3.00
Just For Fun
Mar 1, 2011
Go to Creator's Profile
Score Distribution
Quiz Creator Spotlight
llamalover
Follow
Send a Message
Quizzes Created
-
Created Quiz Play Count
-
More By This Creator
Popular Quizzes Today
1
Find the US States - No Outlines Minefield
2
Find the Countries of Europe - No Outlines Minefield
3
The Countries of the World
4
Find the US States
5
Risky Map Clicking: Biggest States A-Z
6
US States
7
Popular People in 1961
8
Movies - When Are They Set?
More Gaming Quizzes
Legend of Zelda Animated Dungeon
Published
Trending Quizzes
Risky Map Clicking: Least Populous States A-Z
1-10 Letter G Words
1-10 Letter F Words
Risky Map Clicking: Next State Alphabetically
Adjectives in 80s TV Shows
Recently Updated
Leaping Animals
pecheneg
Reality TV Shows (A-Z)
bhenderson79
Rickey Henderson's Hall of Fame Teammates
pecheneg
Champions League XIs: Arsenal
pecheneg
Quick Pick: Celebrities in WWE's Hall of Fame
aduchscher
A-Z Keypad Blitz II
pecheneg
Multiple Oscar Actors
pecheneg
Mystery Phrase Blitz: Oscar 'Best Actors'
pecheneg
F. Scott Fitzgerald Novels
LTH
Pick 3 Villains
ddd62291
Trending Topics
Harry Potter
Marvel
NBA
Disney
Anime
Crossword
Kpop
Puzzle
Country
WWE
Pokémon
Soccer
NFL
The Office
Song
Your Account Isn't Verified!
In order to create a playlist on Sporcle, you need to verify the email address you used during registration. Go to your
Sporcle Settings
to finish the process.
Report this User
Report this user for behavior that violates our
Community Guidelines
.
Details:
Send Report
Go to the Sporcle.com Mobile Site →
Comments